Paesi in cui si trovano i Pinguini - Statistics

Statistiche generali
  • Questo quiz è stato fatto 24 volte
  • Il punteggio medio è 12 su 13
Statistiche sulle risposte
Hint Risposta % Corretto
Sud America Argentina
100%
Oceania Australia
100%
Brasile
100%
Nuova Zelanda
100%
Perù
100%
Sudafrica
100%
Uruguay
100%
Cile
95%
Europa (Territori d'oltremare) Francia (Terre Australi e Antartiche)
86%
Regno Unito(Falkland / Malvinas)
86%
Ecuador
82%
Africa Namibia
73%
Norvegia (Isola Bouvet)
73%
Nessun quiz corrispondente trovato
Distribuzione punteggi
Percentuale di utenti per punteggio
Percentile per numero di risposta
I tuoi punteggi nel tempo
Non hai fatto questo quiz